000 01182nam a22003497a 4500
003 CHAP
005 20220329140541.0
008 971013s1985 r 00010 d
010 _a53753
011 _a54725
035 _a58876
040 _cCHAP
090 _aTesis
100 0 0 _aRuiz Meza, Pablo.
_9100738
245 _aPropagación vegetativa por dos técnicas de injertado en Pinus michoacana Mtz.
260 _aChapingo, Méx. :
_bEl autor,
_c1985
300 _a47 h.
_b: ilus. ; gráfs.
502 _aTesis (Ing. Agr. Esp. en Bosques) -- UACH. División de Ciencias Forestales
590 _aALEPH
_b10
_c20130110
_lUCH01
_h1331
590 _aBATCH-UPD
_b10
_c20130110
_lUCH01
_h0009
590 _aBATCH-UPD
_b10
_c20130110
_lUCH01
_h2249
590 _aBATCH-UPD
_b10
_c20130409
_lUCH01
_h1946
590 _aBATCH-UPD
_b10
_c20130410
_lUCH01
_h1543
590 _aBATCH-UPD
_b10
_c20130914
_lUCH01
_h1913
590 _aCONVERSION
_b10
_c20130109
_lUCH01
_h1329
650 1 4 _aPináceas
_xInjertos.
_988245
650 1 4 _aPináceas
_xPropagación.
_988260
650 1 4 _aPinus michoacana.
_988351
901 _aBK
942 _cTESIS
949 _bBC
_cTES
_d-127569
_eTS1
_h17747
_i58876
_si
999 _c53753
_d53753